| 000 | 00492nam a2200169 a 4500 | ||
|---|---|---|---|
| 001 | 53863 | ||
| 005 | 20180714044344.0 | ||
| 008 | 140415s1987 sp 000 0 spa d | ||
| 041 | _aspa | ||
| 082 |
_a142.7 _bFRA |
||
| 100 | 1 | _aFRANKL, VIKTOR E. | |
| 245 | 1 | 3 |
_aEL HOMBRE DOLIENTE : _bFUNDAMENTOS ANTROPOLOGICOS DE LA PSICOTERAPIA |
| 250 | _a1a ed. | ||
| 260 |
_aESPAÑA : _bEDITORIAL HERDER, _c1987 |
||
| 300 | _a310 | ||
| 650 | 1 | 4 |
_aEXISTENCIALISMO _xPISICOLOGIA EXISTENCIAL |
| 999 |
_c53863 _d53863 |
||